• AIU
  • Tony Wilmot Memorial Library

Kitaaba Waaqa : (Record no. 67807)

MARC details
000 -LEADER
fixed length control field 00864cam a22002897a 4500
001 - CONTROL NUMBER
control field 112083
003 - CONTROL NUMBER IDENTIFIER
control field OSt
005 - DATE AND TIME OF LATEST TRANSACTION
control field 20240102164427.0
008 - FIXED-LENGTH DATA ELEMENTS--GENERAL INFORMATION
fixed length control field 970110s1994 ke ab 000 0 orm
010 ## - LIBRARY OF CONGRESS CONTROL NUMBER
LC control number 96982618
020 ## - INTERNATIONAL STANDARD BOOK NUMBER
International Standard Book Number 9789966480156
040 ## - CATALOGING SOURCE
Original cataloging agency DLC
Transcribing agency DLC
Modifying agency DLC
042 ## - AUTHENTICATION CODE
Authentication code lcode
050 00 - LIBRARY OF CONGRESS CALL NUMBER
Classification number BS 325
Item number .B77 1994
130 0# - MAIN ENTRY--UNIFORM TITLE
Uniform title Bible.
Language of a work Boran.
Date of a work 1994.
9 (RLIN) 55793
245 10 - TITLE STATEMENT
Title Kitaaba Waaqa :
Remainder of title ka afaani Boranatini t'aafani.
260 ## - PUBLICATION, DISTRIBUTION, ETC. (IMPRINT)
Place of publication, distribution, etc Nairobi :
Name of publisher, distributor, etc Bible Society of Kenya,
Date of publication, distribution, etc c1994.
300 ## - PHYSICAL DESCRIPTION
Extent 833, 271, 3 p. :
Other physical details ill., maps ;
Dimensions 22 cm.
500 ## - GENERAL NOTE
General note [Africana]
546 ## - LANGUAGE NOTE
Language note In Boran.
630 ## - SUBJECT ADDED ENTRY--UNIFORM TITLE
Uniform title Bible.
Language of a work Borana.
9 (RLIN) 33517
650 ## - SUBJECT ADDED ENTRY--TOPICAL TERM
Topical term or geographic name as entry element Borana language
Form subdivision Texts.
9 (RLIN) 55794
710 ## - ADDED ENTRY--CORPORATE NAME
Corporate name or jurisdiction name as entry element Bible Society of Kenya
9 (RLIN) 55779
906 ## - LOCAL DATA ELEMENT F, LDF (RLIN)
a 7
b cbc
c origode
d 3
e ncip
f 19
g y-gencatlg
942 ## - ADDED ENTRY ELEMENTS (KOHA)
Source of classification or shelving scheme Library of Congress Classification
Koha item type Africana collection ( Reference)
Holdings
Withdrawn status Lost status Source of classification or shelving scheme Damaged status Not for loan Collection code Home library Current library Shelving location Date acquired Source of acquisition Cost, normal purchase price Total Checkouts Full call number Barcode Date last seen Copy number Price effective from Koha item type
    Library of Congress Classification     Reference AIU/NEGST - Tony Wilmot Memorial Library AIU/NEGST - Tony Wilmot Memorial Library Reference 10/30/2023 Donation - Prof. Robert Priest 9.09   REF BS 325.B77 1994 T16886W3232 01/02/2024 1 01/02/2024 Africana collection ( Reference)